Tablice Rejestracyjne Województwa Podkarpackiego - Statystyki

Ogólne statystyki
  • Ten quiz został rozwiązany 143 razy
  • Średni wynik to 24 z 25
Statystyki odpowiedzi
Powiat Tablica Rejestracyjna % Poprawnych
Krosno RK
98%
Rzeszów RZ
98%
rzeszowski RZE
98%
brzozowski RBR
97%
dębicki RDE
96%
jarosławski RJA
96%
jasielski RJS
96%
krośnieński RKR
96%
leski RLS
96%
lubaczowski RLU
96%
mielecki RMI
96%
Przemyśl RP
96%
sanocki RSA
96%
bieszczadzki RBI
95%
leżajski RLE
95%
niżański RNI
95%
przemyski RPR
95%
kolbuszowski RKL
94%
łańcucki RLA
94%
stalowowolski RST
94%
Tarnobrzeg RT
94%
tarnobrzeski RTA
94%
przeworski RPZ
93%
ropczycko-sędziszowski RRS
92%
strzyżowski RSR
85%
Nie znaleziono quizów pasujących do podanych kryteriów
Rozkład punktacji
Procent ludzi z każdym wynikiem
Percentyl według liczby udzielonych odpowiedzi
Twoja historia wyników
Nie rozwiązałeś tego quizu